Les 50 personnalités les plus utilisés pour le nom des rues françaises - Statistiques

Statistiques générales
  • Ce quiz a été pris 141 fois
  • Le résultat moyen est 17 sur 50
Statistiques - réponses
# Nombre de rues Activité Années Réponse % Correct
1 3903 Président 1890 - 1970 Charles de Gaulle
100%
17 999 Physicienne 1867 - 1934 Marie Curie
92%
25 770 Physiciens 1859 - 19061867 - 1934 Pierre et Marie Curie
90%
3 2555 Auteur 1802 - 1885 Victor Hugo
90%
49 562 Physicien 1859 - 1906 Pierre Curie
88%
5 2215 Résistant 1899 - 1943 Jean Moulin
84%
2 3354 Chimiste 1822 - 1895 Louis Pasteur
65%
27 740 Dramaturge 1622 - 1673 Molière
63%
22 862 Aviateur 1900 - 1944 Antoine de Saint-Exupéry
59%
14 1069 Philosophe 1694 - 1778 Voltaire
57%
12 1148 Auteur 1840 - 1902 Émile Zola
55%
4 2370 Député 1859 - 1914 Jean Jaurès
50%
7 1472 Chef militaire 1902 - 1947 Général Leclerc
48%
9 1255 Chef militaire 1851 - 1929 Maréchal Foch
47%
18 926 Sainte 1412 - 1431 Jeanne d'Arc
46%
10 1234 Sénateur 1841 - 1929 Georges Clémenceau
43%
8 1318 Sénateur 1832 - 1893 Jules Ferry
40%
38 653 Philosophe 1712 - 1778 Jean-Jacques Rousseau
37%
11 1157 Sainte ? - Ier siècle Marie, Notre-Dame
36%
29 708 Compositeur 1756 - 1791 Wolfgang Amadeus Mozart
36%
35 667 Poète 1844 - 1896 Paul Verlaine
32%
19 922 Président ouDéputé 1837 - 18941753 - 1823 Sadi ou Lazare Carnot
32%
32 683 Chimiste 1743 - 1794 Antoine Lavoisier
31%
34 672 Autrice 1804 - 1876 George Sand
31%
45 609 Mathématicien 1623 - 1662 Blaise Pascal
30%
6 1501 Ministre 1838 - 1882 Léon Gambetta
27%
20 919 Musicien 1921 - 1981 Georges Brassens
22%
21 880 Compositeur 1803 - 1869 Hector Berlioz
21%
37 655 Poète 1900 - 1977 Jacques Prévert
21%
28 720 Compositeur 1875 - 1937 Maurice Ravel
21%
24 826 Compositeur 1862 - 1918 Claude Debussy
19%
31 694 Philosophe 1913 - 1960 Albert Camus
18%
13 1112 Député 1790 - 1869 Alphonse de Lamartine
16%
15 1059 Aviateur 1901 - 1936 Jean Mermoz
16%
44 614 Auteur 1828 - 1905 Jules Verne
16%
39 641 Musicien 1929 - 1978 Jacques Brel
13%
16 1029 Ministre 1862 - 1932 Aristide Briand
10%
23 851 Auteur 1844 - 1924 Anatole France
8%
43 627 Physiciens 1900 - 19581897 - 1956 Frédéric et Irène Joliot-Curie
7%
42 629 Réalisateur 1895 - 1974 Marcel Pagnol
7%
33 676 Peintre 1839 - 1906 Paul Cézanne
7%
48 565 Fonctionnaire 1888 - 1979 Jean Monnet
6%
36 660 Physicien 1775 - 1836 André-Marie Ampère
5%
41 631 Auteur 1840 - 1897 Alphonse Daudet
4%
26 745 Aviateur 1894 - 1917 Georges Guynemer
3%
47 577 Président 1908 - 1973 Salvador Allende
3%
40 640 Député 1890 - 1936 Roger Salengro
2%
30 696 Poète 1830 - 1914 Frédéric Mistral
1%
46 591 Résistant 1887 - 1976 René Cassin
1%
50 555 Entrepreneur 1828 - 1910 Henri Dunant
0%
Aucun quiz correspondant
Distribution des résultats
% des personnes avec chaque résultat
Percentile par nombre de réponses
Votre historique - résultats
Vous n’avez pas pris ce quiz